000 00715nam a2200241Ia 4500
003 OSt
005 20220926014135.0
006 a|||||r|||| 00| 0
007 ta
008 220923b |||||||| |||| 00| 0 eng d
037 _cGeneral Book
040 _aRTL
_cRTL
_beng
041 _2eng
_aeng
082 _aX62:D6,9(B), M9
100 _aDurst David R
_9319882
245 0 _aBank financial decision analysis
_b For lotus 1.2.3.
260 _aNew York
_bMacmillan U S A
_c1989
300 _aviii, 280p. Appendix p241-80
_ccm.
650 _aBank
700 _a Conner Donald G
_9319883
942 _hX62:D6,9(B), M9
_cGB
_2CC
999 _c627998
_d627998